| 000 -LEADER |
| fixed length control field |
00605nam a2200229Ia 4500 |
| 001 - CONTROL NUMBER |
| control field |
1100 |
| 003 - CONTROL NUMBER IDENTIFIER |
| control field |
GE_BSU |
| 008 - FIXED-LENGTH DATA ELEMENTS--GENERAL INFORMATION |
| fixed length control field |
181216s||||||||xx |||||||||||||| ||und|| |
| 040 ## - CATALOGING SOURCE |
| Transcribing agency |
GE_BSU |
| 080 ## - UNIVERSAL DECIMAL CLASSIFICATION NUMBER |
| Universal Decimal Classification number |
538.9 |
| 100 ## - MAIN ENTRY--PERSONAL NAME |
| Personal name |
Уэрт,Ч;Томсон,Р; |
| 245 ## - TITLE STATEMENT |
| Title |
Физика твердого тела |
| 245 ## - TITLE STATEMENT |
| Statement of responsibility, etc. |
Пер.с англ.А.С.Пахомова и Б.Д.Сумма. Под.ред Тябликова,С.В. |
| 250 ## - EDITION STATEMENT |
| Edition statement |
Зд.2-ое. |
| 260 ## - PUBLICATION, DISTRIBUTION, ETC. |
| Place of publication, distribution, etc. |
Москва |
| 260 ## - PUBLICATION, DISTRIBUTION, ETC. |
| Name of publisher, distributor, etc. |
Мир |
| 260 ## - PUBLICATION, DISTRIBUTION, ETC. |
| Date of publication, distribution, etc. |
1969 |
| 300 ## - PHYSICAL DESCRIPTION |
| Extent |
558 с. |
| 653 ## - INDEX TERM--UNCONTROLLED |
| Uncontrolled term |
Физика |
| 942 ## - ADDED ENTRY ELEMENTS (KOHA) |
| Koha item type |
წიგნი |